书目信息 |
| 题名: |
舞台灯光设计概要
|
|
| 作者: | 冯德仲 著 | |
| 分册: | ||
| 出版信息: | 北京 中国戏剧出版社 2020.8 |
|
| 页数: | 200页 | |
| 开本: | 29cm | |
| 丛书名: | ||
| 单 册: | ||
| 中图分类: | J814.4 | |
| 科图分类: | ||
| 主题词: | 舞台灯光--设计 | |
| 电子资源: | ||
| ISBN: | 978-7-104-02057-8 | |
| 000 | 01283nam0 2200265 45 | |
| 001 | 012001000839 | |
| 005 | 20130909165219.0 | |
| 010 | @a978-7-104-02057-8@dCNY88.00 | |
| 092 | @aCN@b人天305-1575 | |
| 099 | @aCAL 012008007096 | |
| 100 | @a20080115d2007 ek y0chiy0110 ea | |
| 101 | 0 | @achi |
| 102 | @aCN@b110000 | |
| 105 | @aak z 000yy | |
| 106 | @ar | |
| 200 | 1 | @a舞台灯光设计概要@AWu Tai Deng Guang She Ji Gai Yao@f冯德仲著 |
| 210 | @a北京@c中国戏剧出版社@d2020.8 | |
| 215 | @a200页@c图@d29cm | |
| 330 | @a本书内容从演出和教学的实际需要开始,简要介绍了舞台灯光的历史发展状况,从专业词汇开始认识镜框舞台剧场;概述了舞台演出灯光空间构成的要点,结合灯光设计专业基础知识的教学和训练内容,以图解的方式阐明了舞台灯光造型艺术的规律和要点以及舞台布光、制图、装台、拆台的制作方法及安全管理要点等演出灯光创作的基本构成;以演出灯光制作实例说明舞台灯光设计创作的过程,以便加深对舞台灯光专业的了解,明确灯光设计专业职责以及舞台协作的相互关系。附录部分编译介绍了国外若干剧场的设备系统状况和与舞台灯光艺术创作相关的专业信息,为演出灯光设计的创作和教学过程的不同阶段提供参考和提示。 | |
| 333 | @a舞台灯光设计人员 | |
| 606 | 0 | @a舞台灯光@x设计 |
| 690 | @aJ814.4@v5 | |
| 701 | 0 | @a冯德仲@AFeng De Zhong@4著 |
| 801 | @aCN@b江苏凤凰@c20211018 | |
| 905 | @b1341238-41@dJ814.4@e151@f4 | |
| 舞台灯光设计概要/冯德仲著.-北京:中国戏剧出版社,2020.8 |
| 200页:图;29cm |
| 使用对象:舞台灯光设计人员 |
| ISBN 978-7-104-02057-8:CNY88.00 |
| 本书内容从演出和教学的实际需要开始,简要介绍了舞台灯光的历史发展状况,从专业词汇开始认识镜框舞台剧场;概述了舞台演出灯光空间构成的要点,结合灯光设计专业基础知识的教学和训练内容,以图解的方式阐明了舞台灯光造型艺术的规律和要点以及舞台布光、制图、装台、拆台的制作方法及安全管理要点等演出灯光创作的基本构成;以演出灯光制作实例说明舞台灯光设计创作的过程,以便加深对舞台灯光专业的了解,明确灯光设计专业职责以及舞台协作的相互关系。附录部分编译介绍了国外若干剧场的设备系统状况和与舞台灯光艺术创作相关的专业信息,为演出灯光设计的创作和教学过程的不同阶段提供参考和提示。 |
| ● |
| 相关链接 |
|
|
|
|
正题名:舞台灯光设计概要
索取号:J814.4/151
 
预约/预借
| 序号 | 登录号 | 条形码 | 馆藏地/架位号 | 状态 | 备注 |
| 1 | 1341238 | 213412387 | 第一样本阅览室/ [索取号:J814.4/151] | 在馆 | |
| 2 | 1341239 | 213412396 | 第一借阅区/ [索取号:J814.4/151] | 在馆 | |
| 3 | 1341240 | 213412403 | 第一借阅区/ [索取号:J814.4/151] | 在馆 | |
| 4 | 1341241 | 213412412 | 第一借阅区/ [索取号:J814.4/151] | 在馆 |